|
|
|
|
| LEADER |
00000nam0a2200000 4500 |
| 001 |
320933 |
| 005 |
20231101021639.0 |
| 035 |
|
|
|a (RuTPU)RU\TPU\book\346464
|
| 090 |
|
|
|a 320933
|
| 100 |
|
|
|a 20160801d1988 c y0rusy50 ca
|
| 101 |
1 |
|
|a rus
|c uzb
|
| 102 |
|
|
|a RU
|
| 105 |
|
|
|a a z 000zy
|
| 200 |
1 |
|
|a Дороже всех даров
|e стихи, сказки, притчи
|e пер. с узбек.
|f П. Мумин
|g худож. В. Нагаев
|
| 210 |
|
|
|a Москва
|c Детская литература
|d 1988
|
| 215 |
|
|
|a 160 с.
|c цв. ил.
|
| 610 |
1 |
|
|a художественная литература
|
| 610 |
1 |
|
|a узбекская литература
|
| 610 |
1 |
|
|a детская литература
|
| 610 |
1 |
|
|a стихи
|
| 610 |
1 |
|
|a сказки
|
| 610 |
1 |
|
|a притчи
|
| 675 |
|
|
|a 894.375
|v 4
|
| 700 |
|
1 |
|a Мумин
|b П.
|4 070
|
| 702 |
|
1 |
|a Нагаев
|b В.
|4 040
|
| 801 |
|
1 |
|a RU
|b 63413507
|c 20160801
|
| 801 |
|
2 |
|a RU
|b 63413507
|c 20160801
|g RCR
|
| 942 |
|
|
|c BK
|